Airbus Planes - Statistics

General Stats
  • This quiz has been taken 51 times
  • The average score is 10 of 18
Answer Stats
Answer % Correct
a320
100%
a319
85%
a321
83%
a318
75%
a350-1000
60%
A350-900
60%
a380-800
60%
a330-300
55%
a340-300
55%
a340-600
55%
a330-200
53%
a340-500
53%
a340-200
50%
a330-800
40%
a330-900
40%
a220-100
38%
a220-300
33%
a400m Atlas
18%
No matching quizzes found
Score Distribution
Percent of People with Each Score
Percentile by Number Answered
Your Score History
You have not taken this quiz